[Event "Thessaloniki ol (Women)"]
[Site "Thessaloniki"]
[Date "1984.??.??"]
[Round "7"]
[White "Frometa, Zirka"]
[Black "Jackson, Sheila"]
[Result "1/2-1/2"]
[WhiteElo "2130"]
[BlackElo "2190"]

1.c4 e5 2.g3 Nc6 3.Bg2 g6 4.Nc3 Bg7 5.d3 d6 6.Nf3 Nf6 7.O-O O-O 8.Bg5 h6
9.Bd2 Be6 10.Qc1 Kh7 11.e4 Nd7 12.Ne2 a5 13.Be3 f5 14.exf5 Bxf5 15.Qd2 Nf6
16.Nh4 Ng4 17.Nxf5 gxf5 18.h3 Nxe3 19.fxe3 Qc8 20.Rf2 Ne7 21.Raf1 c6 22.e4 Kg8
23.exf5 Rxf5 24.g4 Rxf2 25.Rxf2 d5 26.Ng3 Qe6 27.b3 a4 28.Nh5 axb3 29.Nxg7 Kxg7
30.axb3 Rf8 31.Rxf8 Kxf8 32.Qf2+ Kg7 33.Qb6 Qd7 34.Qe3 Qe6 35.Qb6 Qd7 36.Qe3 Qe6
37.Qb6  1/2-1/2

[Event "Thessaloniki ol (Women)"]
[Site "Thessaloniki"]
[Date "1984.??.??"]
[Round "8"]
[White "Baltgailis, Vesma"]
[Black "Mott McGrath, Marion"]
[Result "1-0"]
[WhiteElo "1895"]
[BlackElo "1975"]

1.c4 e5 2.g3 Nc6 3.Bg2 d6 4.Nc3 Be6 5.Nd5 Qd7 6.Nf3 h6 7.O-O Nd8 8.Re1 c6
9.Ne3 f5 10.b3 Nf6 11.d4 e4 12.Nh4 g5 13.Ng6 Rg8 14.Nxf8 Kxf8 15.d5 Bf7 16.dxc6 bxc6
17.Qd4 Ne8 18.Ba3 Be6 19.Rad1 Nb7 20.Nc2 c5 21.Qe3 Nf6 22.f3 f4 23.Qc3 Nh5
24.fxe4 Bh3 25.Rf1 Re8 26.Bxh3 Qxh3 27.Qf3 g4 28.Qd3 Re6 29.Qd5 Nxg3 30.Rxf4+ Kg7
31.Bb2+  1-0

[Event "Thessaloniki ol (Women)"]
[Site "Thessaloniki"]
[Date "1984.??.??"]
[Round "12"]
[White "Haahr, Merete"]
[Black "Shterenberg, N."]
[Result "0-1"]
[WhiteElo "1965"]
[BlackElo "2130"]

1.g3 e5 2.c4 Nc6 3.Bg2 f5 4.d3 Nf6 5.Nc3 Bc5 6.Nf3 O-O 7.e3 Bb6 8.O-O d6
9.Nd5 Nxd5 10.cxd5 Ne7 11.Qb3 Qe8 12.Bd2 Qh5 13.Nxe5 f4 14.exf4 Bh3 15.Be3 Nf5
16.Bxb6 dxe5 17.Bxc7 Bxg2 18.Kxg2 Nh4+ 19.Kh3 Rxf4 20.gxf4 Qf3+ 21.Kxh4 Qxf4+
22.Kh3 Qf3+ 23.Kh4 Rf8 24.Bxe5 g5+  0-1

[Event "Thessaloniki ol (Women)"]
[Site "Thessaloniki"]
[Date "1984.??.??"]
[Round "13"]
[White "Ramon, Vivian"]
[Black "Widjajanti, C."]
[Result "1/2-1/2"]
[WhiteElo "2045"]
[BlackElo "1950"]

1.g3 e5 2.c4 Nf6 3.Bg2 Bc5 4.Nc3 Bb4 5.Nf3 d6 6.O-O O-O 7.Qc2 c6 8.d3 Nbd7
9.Bg5 h6 10.Bd2 a5 11.e4 Bc5 12.Ne2 Re8 13.d4 Bb6 14.dxe5 dxe5 15.Rad1 Qc7
16.Bc3 Nc5 17.Nh4 Bg4 18.Kh1 Rad8 19.Nf5 Na4 20.f3 Nxc3 21.Qxc3 Nxe4 22.fxe4 Bxe2
23.Rxd8 Qxd8 24.Re1 Bf2 25.Rc1 Bg4 26.Rf1 Bd4 27.Qb3 Qc7 28.Qa3 c5 29.h3 Bxf5  1/2-1/2

[Event "Vrnjacka Banja"]
[Site "Vrnjacka Banja"]
[Date "1984.??.??"]
[Round "?"]
[White "Adamski, Jan"]
[Black "Mirkovic, Slobodan"]
[Result "1/2-1/2"]
[WhiteElo "2460"]
[BlackElo "2295"]

1.c4 e5 2.g3 Nc6 3.Bg2 g6 4.Nc3 Bg7 5.e4 Nge7 6.Nge2 O-O 7.O-O d6 8.d3 Be6
9.Nd5 f5 10.Be3 Qd7 11.Qd2 Rf7 12.Rac1 Raf8 13.b4 f4 14.gxf4 Bh3 15.f3 Bxg2
16.Nxe7+ Qxe7 17.Kxg2 exf4 18.Bg1 Qg5+ 19.Kh1 Qh5 20.d4 g5 21.b5 Ne7 22.Qd3 Qh3
23.Bf2 Rf6 24.Rg1 Rg6 25.Rg4  1/2-1/2

[Event "Zuerich op"]
[Site "Zuerich"]
[Date "1984.??.??"]
[Round "2"]
[White "Forintos, Gyozo V"]
[Black "Lematschko, Tatjana"]
[Result "1-0"]
[WhiteElo "2425"]
[BlackElo "2305"]

1.c4 e5 2.g3 d6 3.Bg2 c6 4.d4 g6 5.e4 Bg7 6.Ne2 Be6 7.Na3 Ne7 8.O-O d5 9.exd5 cxd5
10.dxe5 Bxe5 11.Nf4 Bxf4 12.Bxf4 Nbc6 13.Nb5 O-O 14.Nc7 dxc4 15.Nxa8 Qxa8
16.Re1 Rd8 17.Qc1 Qc8 18.Bg5 Rd7 19.Qc3 Qf8 20.Rad1 Rxd1 21.Rxd1 h6 22.Bf6 Kh7
23.Qd2 Ng8 24.Bc3 Bg4 25.Re1 Be6 26.Qf4 Qb8 27.Qxb8 Nxb8 28.Bxb7 Ne7 29.Rd1 Nd7
30.Bb4 Nf5 31.a4 Ne5 32.Rd8 g5 33.Bc3 Nd3 34.Be4 h5 35.h3 g4 36.hxg4 hxg4
37.f3 Kh6 38.Rh8+ Kg5 39.Rg8+ Kh6 40.fxg4 f6 41.Bd2+  1-0

[Event "Aarhus-B"]
[Site "Aarhus"]
[Date "1985.??.??"]
[Round "5"]
[White "Jacobsen, Bo"]
[Black "Jensen, Vagn"]
[Result "1-0"]
[WhiteElo "2280"]
[BlackElo "2210"]

1.g3 e5 2.c4 c6 3.d4 exd4 4.Qxd4 d5 5.Nc3 Nf6 6.Bh3 Na6 7.Bg5 Bxh3 8.Nxh3 dxc4
9.Qe5+ Qe7 10.Bxf6 gxf6 11.Qd4 Rd8 12.Qxc4 Qb4 13.Qxb4 Bxb4 14.Rc1 O-O 15.a3 Bxc3+
16.Rxc3 Rfe8 17.Nf4 Nc7 18.Rd3 Rxd3 19.Nxd3 Nd5 20.e3 Kg7 21.Ke2 Nc7 22.Rc1 Ne6
23.Rc4 Rd8 24.Ra4 a6 25.Rc4 Rd6 26.Ne1 b5 27.Rc2 c5 28.b3 f5 29.Nd3 Rd5 30.h4 Kf8
31.a4 Kg7 32.Rc1 Kf6 33.Nb2 Rd7 34.axb5 axb5 35.Ra1 Rb7 36.Ra6 Kg7 37.Nd3 c4
38.bxc4 bxc4 39.Ne5 Rb2+ 40.Kf3 c3 41.Rc6 Rb3 42.Nd3  1-0

[Event "Aarhus-B"]
[Site "Aarhus"]
[Date "1985.??.??"]
[Round "7"]
[White "Jacobsen, Bo"]
[Black "Holst, Per"]
[Result "1/2-1/2"]
[WhiteElo "2280"]
[BlackElo "2200"]

1.c4 e5 2.g3 d6 3.Bg2 f5 4.Nc3 Nf6 5.e3 g6 6.Nge2 Nc6 7.d4 Bg7 8.b4 O-O 9.b5 Ne7
10.O-O e4 11.f3 Be6 12.d5 Bf7 13.fxe4 Nxe4 14.Bb2 Nc5 15.Na4 Bxb2 16.Nxb2 Nc8
17.Qd4  1/2-1/2

[Event "Boeblingen op"]
[Site "Boeblingen"]
[Date "1985.??.??"]
[Round "?"]
[White "Degenhardt, Horst"]
[Black "Kurz, Alexander"]
[Result "1-0"]
[WhiteElo "2200"]
[BlackElo "2200"]

1.g3 e5 2.c4 Nf6 3.Bg2 c6 4.Nf3 e4 5.Nd4 d5 6.cxd5 Qxd5 7.Nb3 Na6 8.Nc3 Qh5
9.Nxe4 Nxe4 10.Bxe4 Bh3 11.d3 O-O-O 12.Be3 Bb4+ 13.Nd2 Rhe8 14.Bf3 Qf5 15.Qc2 Nc5
16.O-O-O Nxd3+ 17.exd3 Bxd2+ 18.Qxd2 Qxf3 19.Qa5 Rxe3 20.fxe3 Qxe3+ 21.Qd2 Rxd3
22.Qxe3 Rxe3 23.Rhe1 Rxe1 24.Rxe1 Be6 25.a3 Kd7 26.Kd2 Kd6 27.Kc3 f5 28.Kd4 c5+
29.Ke3 Bd5 30.Kf4 Be4 31.Rd1+ Kc6 32.g4 g6 33.gxf5 gxf5 34.Rd8 Kb5 35.h4 Kc4
36.Rd7 Kb3 37.Rxh7 Kxb2 38.Rc7 Bc6 39.h5 c4 40.h6 c3 41.h7 c2 42.h8=Q+ Kb1
43.Rxc6 bxc6 44.Qb8+ Ka1 45.Qe5+ Kb1 46.Qxf5  1-0

[Event "Bor"]
[Site "Bor"]
[Date "1985.??.??"]
[Round "?"]
[White "Barlov, Dragan"]
[Black "Vukic, Milan"]
[Result "1/2-1/2"]
[WhiteElo "2430"]
[BlackElo "2490"]

1.g3 e5 2.c4 Nf6 3.Bg2 c6 4.d4 d6 5.Nc3 Nbd7 6.e4 Be7 7.Nf3 O-O 8.O-O a6
9.c5 exd4 10.cxd6 dxc3 11.dxe7 Qxe7 12.Re1 Ne5 13.Nxe5 Qxe5 14.Qc2 cxb2 15.Bxb2 Qh5
16.h4 Qg6 17.Rab1 Re8 18.a4 Nd7 19.Qd2 b5 20.a5 Nc5 21.h5 Qh6 22.Qc2 Na4
23.Ba1 Bg4 24.f3 Bc8 25.g4 c5 26.Rbd1 Be6 27.Rd6 Qf4 28.e5 Qb4 29.Rb1 Qxa5
30.f4 Rad8 31.Rxd8 Rxd8 32.f5 Bc4 33.Rd1 Qc7 34.h6 gxh6 35.Qc1 Bb3 36.Rxd8+ Qxd8
37.Qxh6 Qd1+ 38.Kh2 Qxg4 39.e6 fxe6 40.Bh3 Qe2+ 41.Bg2 e5 42.Qf6 Nb2 43.Qg5+ Kf7
44.f6 Ke8 45.Bxb2 Qxb2 46.Qg7 Bf7 47.Qh8+ Kd7 48.Qf8 Ke6 49.Qe7+ Kf5 50.Qxf7 Qf2
51.Qg7  1/2-1/2

[Event "Frunze"]
[Site "Frunze"]
[Date "1985.??.??"]
[Round "11"]
[White "Szekely, Peter"]
[Black "Velikov, Petar"]
[Result "1/2-1/2"]
[WhiteElo "2450"]
[BlackElo "2450"]

1.g3 e5 2.c4 Nc6 3.Bg2 g6 4.Nc3 Bg7 5.e3 Nge7 6.Nge2 O-O 7.O-O d6 8.d3 Be6
9.Nd5 Qd7 10.Rb1 Nd8 11.Nxe7+ Qxe7 12.e4 Nc6 13.Be3 Qd7 14.Qd2 Bh3 15.Nc3 Bxg2
16.Kxg2  1/2-1/2

[Event "Gausdal zt"]
[Site "Gausdal"]
[Date "1985.??.??"]
[Round "?"]
[White "Larsen, Bent"]
[Black "Yrjola, Jouni"]
[Result "1-0"]
[WhiteElo "2520"]
[BlackElo "2500"]

1.c4 e5 2.g3 Nf6 3.Bg2 c6 4.d4 exd4 5.Qxd4 d5 6.cxd5 cxd5 7.Nf3 Nc6 8.Qa4 Be7
9.O-O O-O 10.Be3 Bd7 11.Nc3 Re8 12.Rad1 Nb4 13.Qb3 a5 14.a4 Rc8 15.Bd4 Bc5
16.Bxc5 Rxc5 17.Nd4 Qb6 18.e3 h5 19.h3 Qc7 20.Nde2 Bf5 21.Rd2 Bd3 22.Rxd3 Nxd3
23.Nb5 Rxb5 24.Qxb5 Qc4 25.Qxb7 Qxa4 26.Bxd5 Nxd5 27.Qxd5 Nxb2 28.Nf4 h4
29.gxh4 Qb4 30.Rb1 a4 31.Nd3 Qc4 32.Qxc4 Nxc4 33.Rb4  1-0

[Event "Munich op"]
[Site "Munich"]
[Date "1985.??.??"]
[Round "?"]
[White "Leitner, Maximilian"]
[Black "Ponnath, Lorenz"]
[Result "1/2-1/2"]
[WhiteElo "2250"]
[BlackElo "2200"]

1.c4 e5 2.g3 Nc6 3.Bg2 g6 4.Nc3 Bg7 5.Rb1 a5 6.a3 d6 7.b4 axb4 8.axb4 Nf6
9.d3 h6 10.e3 O-O 11.Nge2 Ne7 12.Bb2 Be6 13.O-O Qd7 14.Qc2 Bh3 15.e4 Nh5
16.Nd5 Be6 17.d4 Nc6 18.dxe5 dxe5 19.Bc3 Nd4 20.Qb2 Bxd5 21.cxd5 Nxe2+ 22.Qxe2 Rfe8
23.Ra1 Rab8 24.Ra5 Bf8 25.Rd1 Bd6 26.Qe3 Kh7 27.Bf1 Qe7 28.Qd2 Nf6 29.Bd3 Red8
30.Qb2 Nd7 31.Rf1 Qg5 32.Bd2 Qg4 33.f3 Qh3 34.Rf2 Nf6 35.g4 c6 36.Rg2 Qxf3
37.Qc2 Nxg4 38.Be2 Ne3 39.Bxf3 Nxc2 40.dxc6 Nd4 41.Bg4 Bc7  1/2-1/2

[Event "Munich op"]
[Site "Munich"]
[Date "1985.??.??"]
[Round "?"]
[White "Stocker, Rupert"]
[Black "Reimer, Walter"]
[Result "1-0"]
[WhiteElo "2200"]
[BlackElo "2200"]

1.c4 e5 2.g3 g6 3.Bg2 Bg7 4.Nc3 d6 5.e4 Nc6 6.Nge2 Be6 7.d3 Qd7 8.h3 Nh6
9.Nd5 O-O-O 10.Qa4 Rdf8 11.Be3 b6 12.Nec3 Na5 13.Qa3 c5 14.b4 Nc6 15.Rb1 Kd8
16.bxc5 dxc5 17.Nxb6 axb6 18.Rxb6 Qc7 19.Bxc5 Kd7 20.Nb5 Ra8 21.Qb2 Rxa2
22.Qxa2 Nb4 23.Rd6+  1-0

[Event "Munich op"]
[Site "Munich"]
[Date "1985.??.??"]
[Round "?"]
[White "Zahn, Wolfgang"]
[Black "Poellner, Ludwig"]
[Result "1-0"]
[WhiteElo "2200"]
[BlackElo "2200"]

1.c4 e5 2.g3 Nf6 3.Bg2 d5 4.cxd5 Nxd5 5.Nc3 Nb6 6.Nf3 Nc6 7.d3 Be7 8.O-O O-O
9.Be3 f5 10.b4 Bf6 11.Qb3+ Kh8 12.Bc5 Re8 13.Rfd1 Be6 14.Qb2 Nd5 15.Nxd5 Bxd5
16.e4 Be6 17.b5 Ne7 18.d4 fxe4 19.dxe5 Nd5 20.exf6 exf3 21.fxg7+ Kg8 22.Bxf3 Qd7
23.Bd4 a6 24.bxa6 b6 25.Qc2 Bf5 26.Qc4 Be6 27.Bb2 Ne3 28.fxe3 Qxd1+ 29.Rxd1 Bxc4
30.Bxa8 Rxa8 31.a7 Ba6 32.a3 h6 33.Rf1 Kh7 34.Rf8  1-0

[Event "New York op"]
[Site "New York"]
[Date "1985.??.??"]
[Round "4"]
[White "Gheorghiu, Florin"]
[Black "McCambridge, Vincent"]
[Result "1/2-1/2"]
[WhiteElo "2530"]
[BlackElo "2425"]

1.c4 e5 2.g3 Nf6 3.Bg2 Nc6 4.Nc3 Bc5 5.e3 d6 6.Nge2 a6 7.a3 O-O 8.O-O Bf5
9.d4 Ba7 10.b4 Qd7 11.Nd5 Nxd5 12.cxd5 Ne7 13.dxe5 dxe5 14.Bb2 Ng6 15.Rc1 Rac8
16.Nc3 Bh3 17.Ne4 Bxg2 18.Kxg2 Rfd8 19.Qf3 f5 20.Nc5  1/2-1/2

[Event "Nordic-chT"]
[Site "Pohja"]
[Date "1985.??.??"]
[Round "?"]
[White "Renman, Nils Gustaf"]
[Black "Kivisto, Mikko"]
[Result "1-0"]
[WhiteElo "2440"]
[BlackElo "2325"]

1.c4 e5 2.g3 Nf6 3.Bg2 c6 4.d4 exd4 5.Qxd4 d5 6.Nf3 Be7 7.O-O O-O 8.cxd5 cxd5
9.Nc3 Nc6 10.Qa4 Be6 11.Rd1 Bc5 12.Bg5 a6 13.Rac1 Nb4 14.Nd4 Rc8 15.e3 b5
16.Qb3 Bxd4 17.exd4 Rc4 18.a4 h6 19.Bxf6 Qxf6 20.axb5 Rfc8 21.b6 Qe7 22.Ra1 Qb7
23.Na4 Nc2 24.Nc5 Nxa1 25.Qxc4 Qxb6 26.Qa4  1-0

[Event "Trencianske Teplice"]
[Site "Trencianske Teplice"]
[Date "1985.??.??"]
[Round "4"]
[White "Smejkal, Jan"]
[Black "Stohl, Igor"]
[Result "1/2-1/2"]
[WhiteElo "2565"]
[BlackElo "2445"]

1.c4 e5 2.g3 g6 3.d4 d6 4.Nc3 Nd7 5.Nf3 Bg7 6.Bg2 Ne7 7.O-O O-O 8.e4 exd4
9.Nxd4 Nc6 10.Nxc6 bxc6 11.Qc2 Ne5 12.b3 f5 13.Bf4 fxe4 14.Nxe4 Bf5 15.Rad1 Qd7
16.Qd2 Rae8 17.Rde1 c5 18.Bh6 Nc6 19.Bxg7 Kxg7 20.Ng5 Rxe1 21.Rxe1 Re8 22.Nf3 Be4
23.Re3 Bxf3 24.Bxf3 Nd4 25.Bd5 Re7  1/2-1/2

[Event "Tirnavia"]
[Site "Trnava"]
[Date "1985.??.??"]
[Round "13"]
[White "Szekely, Peter"]
[Black "Kallai, Gabor"]
[Result "1/2-1/2"]
[WhiteElo "2450"]
[BlackElo "2445"]

1.c4 e5 2.g3 Nf6 3.Nc3 Bb4 4.Qb3 Nc6 5.Nd5 Bc5 6.Bg2 O-O 7.e3 d6 8.Ne2 Nxd5
9.cxd5 Ne7 10.O-O a6 11.d3 b5 12.Bd2 Bb6 13.Rac1 Bb7  1/2-1/2

[Event "Cannes"]
[Site "Cannes"]
[Date "1986.??.??"]
[Round "9"]
[White "Karlsson, Lars"]
[Black "Kouatly, Bachar"]
[Result "1-0"]
[WhiteElo "2520"]
[BlackElo "2445"]

1.c4 e5 2.g3 g6 3.Bg2 Bg7 4.Nc3 f5 5.e3 Nf6 6.Nge2 O-O 7.O-O d6 8.d3 c6 9.b4 a6
10.a4 Be6 11.Ba3 Qc7 12.Qb3 Nbd7 13.Rfc1 Bf7 14.b5 axb5 15.axb5 e4 16.d4 Nb6
17.bxc6 bxc6 18.Bxd6 Qxd6 19.Qxb6 Rxa1 20.Rxa1 Bxc4 21.Bf1 Nd7 22.Qb7 c5
23.Nf4 Bxf1 24.Kxf1 Rb8 25.Ra8 Rxa8 26.Qxa8+ Nf8 27.Qa3 Nd7 28.Qa2+ Kh8 29.Qf7 Nf8
30.Ncd5 Qa6+ 31.Kg2 Qc4 32.dxc5  1-0

[Event "Elenite op"]
[Site "Elenite"]
[Date "1986.??.??"]
[Round "?"]
[White "Orev, Petar"]
[Black "Dobrev, Ivan"]
[Result "0-1"]
[WhiteElo "2325"]
[BlackElo "2335"]

1.c4 e5 2.g3 Nf6 3.Bg2 d5 4.cxd5 Nxd5 5.Nc3 Nb6 6.d3 Be7 7.Be3 O-O 8.Nf3 Nc6
9.O-O Be6 10.a3 f6 11.Rc1 Qd7 12.Re1 Nd4 13.Ne4 Na4 14.Bxd4 exd4 15.b3 Nc3
16.Nxd4 Nxd1  0-1

[Event "Elenite op"]
[Site "Elenite"]
[Date "1986.??.??"]
[Round "?"]
[White "Spiridonov, Nikola"]
[Black "Spassov, Liuben"]
[Result "1-0"]
[WhiteElo "2420"]
[BlackElo "2400"]

1.g3 e5 2.c4 Nc6 3.Bg2 g6 4.Nc3 d6 5.e3 Bg7 6.Nge2 Bd7 7.O-O Nge7 8.Rb1 Rb8
9.b4 a6 10.d3 O-O 11.Bd2 Qc8 12.Nd5 Nxd5 13.cxd5 Ne7 14.Rc1 Bh3 15.Qb3 Bxg2
16.Kxg2 Qd7 17.e4 Rfc8 18.Nc3 h5 19.a4 c6 20.Bg5 Kh7 21.dxc6 Nxc6 22.Be3 Qe6
23.Nd5 Ne7 24.Bg5 Nxd5 25.Qxd5 Qd7 26.b5 Bh6 27.Bxh6 Kxh6 28.Rc4 Rxc4 29.dxc4 Rc8
30.Rd1 Qe7 31.bxa6 bxa6 32.a5 Rc5 33.Qa8 Kg7 34.Qxa6 Qc7 35.Qb6 Rxc4 36.Qxc7 Rxc7
37.Rxd6 Rc4 38.Kf3 Ra4 39.a6 Ra3+ 40.Ke2 g5 41.h4 g4 42.Kd2 Ra2+ 43.Kc3 Rxf2
44.Rd2 Rf6 45.Ra2 Rc6+ 46.Kb4 Rc8 47.a7 Ra8 48.Ra6  1-0

[Event "FRA-ch"]
[Site "Epinal"]
[Date "1986.??.??"]
[Round "3"]
[White "Manouck, Thierry"]
[Black "Andruet, Gilles"]
[Result "0-1"]
[WhiteElo "2320"]
[BlackElo "2365"]

1.c4 e5 2.g3 Nc6 3.Bg2 g6 4.Nc3 Bg7 5.Rb1 a5 6.a3 Nf6 7.b4 axb4 8.axb4 O-O
9.d3 Ne7 10.Qb3 d6 11.Nf3 Bd7 12.O-O Qc8 13.Re1 Bh3 14.Bh1 h6 15.Bb2 Nh5
16.d4 exd4 17.Nd5 Nf5 18.Rbd1 c5 19.Nb6 Qc7 20.Nxa8 Rxa8 21.Bg2 Bxg2 22.Kxg2 Nf6
23.bxc5 dxc5 24.Ra1 Re8 25.Ra7 Re7 26.Bc1 g5 27.Qd3 Qc8 28.h3 Ne4 29.g4 Nfd6
30.e3 f5 31.Nh2 Nxf2 32.Kxf2 Ne4+ 33.Kg2 Qb8 34.exd4 Qxa7 35.gxf5 Qa2+ 36.Re2 Qa1
37.Bb2 Qa2 38.Ba3 Qa1 39.Bxc5  0-1

[Event "FRA-ch"]
[Site "Epinal"]
[Date "1986.??.??"]
[Round "12"]
[White "Manouck, Thierry"]
[Black "Renet, Jacques"]
[Result "0-1"]
[WhiteElo "2320"]
[BlackElo "2480"]

1.c4 e5 2.g3 Nf6 3.Bg2 Nc6 4.Nf3 Bc5 5.O-O d6 6.Nc3 h6 7.d3 a6 8.a3 O-O 9.b4 Ba7
10.e3 Bg4 11.Qc2 Qd7 12.Re1 Nh7 13.b5 axb5 14.Nxb5 Bb6 15.Bb2 f5 16.c5 Bxf3
17.Bxf3 dxc5 18.Bg2 Kh8 19.f4 Rae8 20.Kh1 Nf6 21.Rad1 exf4 22.gxf4 Ng4 23.Bc1 Nd4  0-1

[Event "URS-FL"]
[Site "Irkutsk"]
[Date "1986.??.??"]
[Round "?"]
[White "Pigusov, Evgeny"]
[Black "Balashov, Yuri S"]
[Result "1/2-1/2"]
[WhiteElo "2500"]
[BlackElo "2530"]

1.c4 e5 2.g3 Nc6 3.Bg2 g6 4.Nc3 Bg7 5.Rb1 a5 6.a3 Nf6 7.b4 axb4 8.axb4 O-O
9.d3 Ne7 10.Qb3 c6 11.Nf3 d5 12.Nxe5 Be6 13.O-O Ne8 14.Nf3 dxc4 15.dxc4 Nd6
16.Qc2 Bxc4 17.Bf4 Bxc3 18.Qxc3 Nd5 19.Qe5 Nf5 20.Qe4 Bb5 21.Be5 Re8 22.Qc2 f6
23.Rfe1 Nfe3 24.fxe3 fxe5 25.e4 Qb6+ 26.Kh1 Ne3 27.Qb3+ Kg7 28.Bh3 Nc4 29.Ng5 Ra3
30.Qd1 Re7 31.Ne6+ Kh6 32.e3 Rxe3 33.Qg4 Rxe6 34.Qh4+ Kg7 35.Bxe6 Rxe1+ 36.Rxe1 Qf2
37.Qe7+  1/2-1/2

[Event "ISR-ch"]
[Site "?"]
[Date "1986.??.??"]
[Round "?"]
[White "Kotliar, Mark"]
[Black "Kagan, Shimon"]
[Result "0-1"]
[WhiteElo "2305"]
[BlackElo "2415"]

1.c4 e5 2.g3 c6 3.Bg2 d5 4.cxd5 cxd5 5.Qb3 Nf6 6.Nc3 Nc6 7.Nxd5 Nd4 8.Nxf6+ gxf6
9.Qd1 Qc7 10.Kf1 Be6 11.b3 Nc2 12.Rb1 Rc8 13.Bb2 Ba3 14.Nf3 Bxb2 15.Rxb2 Na3
16.Ne1 Qc1 17.Qxc1 Rxc1 18.f4 b5 19.Kf2 Ke7 20.Nd3 Rxh1 21.Bxh1 Kd6 22.Be4 Rc8
23.Nb4 a5 24.Nc2 b4 25.Ne3 Rc5 26.fxe5+ Kxe5 27.Bd3 f5 28.Nc2 Bd5 29.Nxa3 bxa3
30.Rb1 Rc6 31.e3 Be4 32.Ke2 Rh6 33.h4 Rg6 34.Bxe4 fxe4 35.Rc1 Rxg3 36.Rc5+ Ke6
37.Rxa5 Rg2+ 38.Kd1 Rh2 39.h5 f5 40.h6 f4 41.exf4 e3 42.dxe3 Rxa2 43.e4 Kd6
44.f5 Ke7 45.e5 Rf2 46.Rxa3 Rxf5 47.Ra7+ Ke6 48.Rxh7 Rxe5 49.Rb7 Kd6 50.Kc2 Rh5
51.h7 Kc6 52.Rf7 Rh3 53.Kd2 Kc5 54.Ke2 Rh2+ 55.Kf3 Kd6 56.b4  0-1

[Event "UKR-ch"]
[Site "Kiev"]
[Date "1986.??.??"]
[Round "11"]
[White "Okhotnik, Vladimir"]
[Black "Moroz, Alexander"]
[Result "0-1"]
[WhiteElo "2200"]
[BlackElo "2200"]

1.c4 e5 2.g3 Nc6 3.Bg2 g6 4.Nc3 Bg7 5.e3 d6 6.Nge2 Be6 7.Qa4 Qd7 8.Nd5 Nf6
9.d4 O-O 10.Nxf6+ Bxf6 11.d5 Nd8 12.Qa5 Bf5 13.h3 b6 14.Qc3 Qe7 15.b4 e4
16.Nd4 c5 17.dxc6 Nxc6 18.O-O Nxd4 19.exd4 Rac8 20.Bh6 Rfe8 21.Rfe1 Be6 22.Rxe4 d5
23.Rf4 g5 24.Rf3 Rxc4 25.Qe1 Rxd4 26.Rc1 Rc4 27.Bf1 Rxc1 28.Qxc1 d4 29.Qc6 Rc8
30.Qe4 Rc1 31.Kh2 Bc8 32.Bd3 Qxe4 33.Bxe4 Be7 34.Rd3 Rc4 35.a3 Be6 36.g4 Bd6+
37.Kg2 f6 38.h4 Bf4 39.b5 Kf7 40.Kf3 Rc3 41.a4 Bb3 42.Kg2 Rxd3 43.Bxd3 Bxa4
44.Kf3 Bd1+ 45.Ke4 Bxg4 46.hxg5 Bxg5 47.Bxg5 fxg5 48.f4 gxf4 49.Kxf4 h5 50.Ke5 h4
51.Kxd4 h3 52.Ke3 Bd7 53.Kf2 Ke7 54.Bf1 Kd6 55.Kg1 Kc5 56.Kh2 Bxb5 57.Bxh3 a5
58.Kg3 a4 59.Bf5 a3  0-1

[Event "Moscow"]
[Site "Moscow"]
[Date "1986.??.??"]
[Round "?"]
[White "Suba, Mihai"]
[Black "Hebden, Mark"]
[Result "1-0"]
[WhiteElo "2545"]
[BlackElo "2445"]

1.c4 e5 2.g3 Nc6 3.Nc3 f5 4.e3 Nf6 5.d4 Bb4 6.Ne2 Qe7 7.Bg2 exd4 8.exd4 Bxc3+
9.bxc3 d6 10.O-O O-O 11.Bg5 Qf7 12.Bxf6 Qxf6 13.Nf4 Ne7 14.Re1 Rb8 15.Qa4 a6
16.c5 Ng6 17.Nd5 Qd8 18.cxd6 Qxd6 19.Qc4 c6 20.Nb6+ Kh8 21.f4 Bd7 22.Qc5 Qc7
23.a4 Rbd8 24.a5 Bc8 25.d5 Rf6 26.Rad1 Qd6 27.Qxd6 Rfxd6 28.c4 cxd5 29.Rxd5 Rxd5
30.Bxd5 h5 31.h4 Kh7 32.Kf2 Kh6 33.Re3 Nf8 34.Re7 Bd7 35.Bxb7 Be6 36.Ke2 Kg6
37.Bxa6 Kf6 38.Rc7  1-0

[Event "Moscow"]
[Site "Moscow"]
[Date "1986.??.??"]
[Round "?"]
[White "Suba, Mihai"]
[Black "Eingorn, Vereslav S"]
[Result "0-1"]
[WhiteElo "2545"]
[BlackElo "2560"]

1.c4 e5 2.g3 Nc6 3.Nc3 g6 4.Bg2 d6 5.d3 Bg7 6.Rb1 Bd7 7.b4 Qc8 8.b5 Nd8 9.a4 Ne7
10.Ba3 Ne6 11.e3 O-O 12.Nge2 Re8 13.a5 f5 14.O-O g5 15.a6 bxa6 16.bxa6 Qxa6
17.Bxa8 Rxa8 18.Qb3 g4 19.c5 Rd8 20.cxd6 cxd6 21.Ra1 Kh8 22.Qc4 Qc6 23.e4 Ng5
24.Nd5 Nxd5 25.exd5 Nf3+ 26.Kh1 Qa8 27.Bc1 Rc8 28.Qa2 Be8 29.Qa6 Bf8 30.Ra5 Bf7
31.Be3 Rc2 32.Ng1 Bxd5 33.Nxf3 Bg8 34.Qxa7 Qxf3+ 35.Kg1 Bd5 36.Rxd5 Qxd5
37.Qa6 Qc6 38.Qxc6 Rxc6 39.Rb1 Kg7 40.Kf1 Kg6 41.Rb7 Bg7 42.Rd7 h5 43.Kg2 h4
44.gxh4 Bf6 45.h3 f4 46.Ba7 gxh3+ 47.Kxh3 Kf5 48.h5 Ke6 49.Rb7 Rc3 50.Kg4 Rxd3
51.Rb1 Rc3 52.h6 Rc8 53.h7 Rc7 54.Rh1 Rg7+ 55.Kf3 Rxa7 56.h8=Q Bxh8 57.Rxh8 Kd5
58.Rh1 Ra3+ 59.Kg4 Rd3 60.Kf5 Rd2 61.f3 Rd3 62.Rf1 Kd4 63.Kg4 Ke3 64.Ra1 Rd2
65.Ra3+ Kf2 66.Ra6 Kg2 67.Ra3 Kh2 68.Ra6 Rg2+ 69.Kf5 Kg3 70.Rxd6 Re2  0-1

[Event "Quebec int"]
[Site "Quebec"]
[Date "1986.??.??"]
[Round "7"]
[White "Spraggett, Kevin"]
[Black "Schroer, Jonathan"]
[Result "1-0"]
[WhiteElo "2535"]
[BlackElo "2370"]

1.c4 e5 2.g3 c6 3.d4 exd4 4.Qxd4 d5 5.Bg2 dxc4 6.Qxc4 Be6 7.Qc2 Nf6 8.Nf3 Na6
9.a3 Nc5 10.Nbd2 Bd5 11.O-O Be7 12.b4 Nce4 13.Nc4 O-O 14.Bb2 Re8 15.Rad1 Qc8
16.Ne3 a5 17.b5 Bc5 18.Nd4 a4 19.Rc1 Bd6 20.b6  1-0

[Event "Solingen"]
[Site "Solingen"]
[Date "1986.??.??"]
[Round "?"]
[White "Brunner, Lucas"]
[Black "Schneider, B."]
[Result "0-1"]
[WhiteElo "2395"]
[BlackElo "2350"]

1.c4 e5 2.g3 Nf6 3.Bg2 c6 4.d4 exd4 5.Qxd4 d5 6.Nf3 Be7 7.cxd5 cxd5 8.O-O Nc6
9.Qa4 O-O 10.Nc3 Be6 11.Be3 h6 12.Rfd1 Qd7 13.Nd4 Nxd4 14.Qxd4 Rfd8 15.Rd2 b6
16.Rad1 Qe8 17.Qf4 g5 18.Qd4 Rac8 19.Qd3 Bc5 20.Bd4 Qe7 21.Qf3 Bxd4 22.Rxd4 Rc4
23.Qd3 Rd7 24.e3 Qb4 25.Qd2 Kf8 26.h3 Qc5 27.Kh2 Ke7 28.a3 Rxd4 29.exd4 Qc8
30.f4 Qg8 31.Rf1 Qg6 32.Qe3 gxf4 33.Qxf4 Qg5 34.Qb8 Qh5 35.Re1 Qg5 36.Re2 h5
37.Nb5 h4 38.gxh4 Qxh4 39.Nxa7 Ng4+ 40.Kg1 Nh6 41.Nc6+ Kf6 42.Qh8+  0-1

[Event "Solingen"]
[Site "Solingen"]
[Date "1986.??.??"]
[Round "?"]
[White "Schneider, B."]
[Black "Ostermeyer, Peter"]
[Result "1/2-1/2"]
[WhiteElo "2350"]
[BlackElo "2395"]

1.c4 e5 2.g3 Nf6 3.Bg2 Nc6 4.Nc3 Bb4 5.Nf3 O-O 6.O-O e4 7.Ne1 Bxc3 8.dxc3 h6
9.Nc2 Re8 10.Ne3 b6 11.f4 exf3 12.exf3 Bb7 13.f4 Na5 14.Nd5 c6 15.Ne3 c5
16.Bxb7  1/2-1/2

[Event "Solingen"]
[Site "Solingen"]
[Date "1986.??.??"]
[Round "?"]
[White "Sunye Neto, Jaime"]
[Black "Ostermeyer, Peter"]
[Result "0-1"]
[WhiteElo "2515"]
[BlackElo "2455"]

1.c4 e5 2.g3 Nf6 3.Bg2 Nc6 4.Nf3 d5 5.cxd5 Nxd5 6.Nc3 Nb6 7.O-O Be7 8.a3 O-O
9.b4 Be6 10.d3 f6 11.Ne4 Qd7 12.Nc5 Bxc5 13.bxc5 Nd5 14.Qc2 Rfd8 15.Bb2 Bh3
16.Bxh3 Qxh3 17.Rfd1 Qg4 18.Kh1 Kh8 19.Rac1 Nde7 20.Kg2 Rd7 21.h3 Qe6 22.Qa4 Rad8
23.Rc4 Nf5 24.Rd2 a6 25.Rdc2 h5 26.Bc3 g5 27.Rb2 Rb8 28.Re4 Qd5 29.Qc4 Ng7
30.Nd2 Ne6 31.Nb3 Kg7 32.Qxd5 Rxd5 33.Rc4 Kf7 34.Bd2 b5 35.cxb6 Rxb6 36.Be3 Ncd4  0-1

[Event "Szirak"]
[Site "Szirak"]
[Date "1986.??.??"]
[Round "?"]
[White "Suba, Mihai"]
[Black "Garcia Palermo, Carlos"]
[Result "1-0"]
[WhiteElo "2580"]
[BlackElo "2515"]

1.c4 e5 2.g3 c6 3.d4 Bb4+ 4.Bd2 Bxd2+ 5.Qxd2 d6 6.Nc3 Nf6 7.Bg2 O-O 8.e4 Nbd7
9.Nge2 a6 10.O-O b5 11.cxb5 axb5 12.a3 Qb6 13.Rfd1 Bb7 14.b4 Qa7 15.h3 Nb6
16.dxe5 Nc4 17.Qa2 dxe5 18.a4 Ne8 19.axb5 Qxa2 20.Rxa2 Rxa2 21.Nxa2 cxb5
22.Nec3 Ned6 23.Nc1 g6 24.Nd3 f6 25.Nc5 Bc6 26.h4 Kf7 27.Bh3 Ra8 28.Be6+ Ke7
29.Bd5 Ra3 30.Rc1 Bxd5 31.Nxd5+ Kf7 32.Kg2 f5 33.Nc3 Nd2 34.exf5 gxf5 35.Nd7 e4
36.Ne5+ Kf6 37.Nc6 Rb3 38.Nd5+ Kg7 39.Nd4 Rd3 40.Rc7+ Kh6 41.Rc6 Rxd4 42.Rxd6+ Kg7
43.Ne3 Rxd6 44.Nxf5+ Kf6 45.Nxd6 Ke5 46.Nxb5 Kd5 47.g4 Kc4 48.Nc7 Kxb4 49.Nd5+ Kc5
50.Nf6 Kd4 51.Nxh7 Ke5 52.h5 Kf4 53.h6 Nf3 54.Nf8 Ne5 55.h7 Nf7 56.Ng6+ Kxg4
57.Ne5+  1-0

[Event "Szirak"]
[Site "Szirak"]
[Date "1986.??.??"]
[Round "?"]
[White "Smejkal, Jan"]
[Black "Garcia Palermo, Carlos"]
[Result "0-1"]
[WhiteElo "2540"]
[BlackElo "2515"]

1.c4 e5 2.g3 c6 3.d4 Bb4+ 4.Bd2 Bxd2+ 5.Qxd2 d6 6.Nc3 Nf6 7.Bg2 O-O 8.e4 Nbd7
9.Nge2 Rb8 10.O-O b5 11.cxb5 cxb5 12.dxe5 dxe5 13.Rfd1 b4 14.Nd5 Ba6 15.Nc1 Nxd5
16.exd5 Nf6 17.Nd3 Bxd3 18.Qxd3 Re8 19.d6 e4 20.Qd4 Qa5 21.Rac1 Rbd8 22.Rc7 Qh5
23.d7 Rf8 24.h3 a5 25.g4 Qb5 26.Bxe4 h5 27.Bf3 hxg4 28.hxg4 Qg5 29.Qe3 Qg6
30.Kg2 Nxg4 31.Bxg4 Qxg4+ 32.Qg3 Qxd1 33.Qg5 Rxd7  0-1